Wes Anderson's Favorite Actors - Statistics

General Stats
  • This quiz has been taken 40 times
  • The average score is 8 of 23
Answer Stats
Characters Actor % Correct
Eli Cash, Dignan, Ned Plimpton Owen Wilson
89%
Raleigh St. Clair, Steve Zissou, Herman Blume Bill Murray
83%
M. Gustave, Roald Dahl, Rat Man Ralph Fiennes
80%
Schubert Green, Dmitri, Julian Cadazio Adrien Brody
71%
Ash Fox, Max Fischer, Augie Steenbeck Jason Schwartzman
71%
Dr. Peter Flynn, Richie Tenenbaum, Anthony Adams Luke Wilson
69%
Social Services, Oracle, Madame D. Tilda Swinton
60%
Jopling, Rat, Klaus Daimler Willem Dafoe
57%
Henckels, Rex, Scout Master Ward Edward Norton
51%
Deputy Kovacs, The Alien, Duke Jeff Goldblum
49%
Farmer Father, Coach Beck, John "Future Man" Maplethorpe Andrew Wilson
43%
Etheline Tenenbaum, Eleanor Zissou, Patricia Anjelica Huston
29%
Zero, The Aide-de-Camp, Young Rosenthaler Tony Revolori
17%
Lucinda Krementz, Mrs. Bishop, Interpretor Nelson Frances McDormand
14%
Gondo, Commander Pierce, Ludwig Harvey Keitel
11%
Kristofferson, Secretary McIntire, Air Kentucky Pilot Eric Chase Anderson
9%
Talk Show Host, Spots, J.J. Kellogg Liev Schreiber
9%
M. Martin, The Narrator, King Bob Balaban
3%
Kumar, Pagoda, Mr. Littlejeans Kumar Pallana
3%
Dusty, Bert Fischer, Esteban du Plantier Seymour Cassel
3%
Scrap, M. Robin, Story Editor Fisher Stevens
0%
Kylie, M. Georges, Brendan Wallace Wolodarsky
0%
The Chief Steward, Vikram Ray, M. Dino Waris Ahluwalia
0%
No matching quizzes found
Score Distribution
Percent of People with Each Score
Percentile by Number Answered
Your Score History
You have not taken this quiz